[Event "Paris Apsap op 52nd"]
[Site "Paris"]
[Date "2002.04.16"]
[Round "4"]
[White "Haie, Arnaud"]
[Black "Dorval, Cedric"]
[Result "1-0"]
[WhiteElo "1930"]
[BlackElo "1730"]
[PlyCount "27"]
[EventDate "2002.04.17"]
[EventType "swiss"]
[EventRounds "9"]
[EventCountry "FRA"]
[SourceTitle "EXT 2003"]
[Source "ChessBase"]
[SourceDate "2002.11.25"]
[SourceVersion "1"]
[SourceVersionDate "2002.11.25"]
[SourceQuality "1"]

1. e4 c5 2. Nf3 e6 3. d4 cxd4 4. Nxd4 Nf6 5. Nc3 Bb4 6. e5 Ne4 7. Qg4 Nxc3 8. Qxg7 Rf8 9. bxc3 Bxc3+ 10. Kd1 Qe7 11. Nb5 Qc5 12. Ba3 Bb4 13. Nd6+ Ke7 14. Qf6# 1-0

[Event "Paris Apsap op 50th"]
[Site "Paris"]
[Date "2002.??.??"]
[Round "4"]
[White "Kosoian, Bela"]
[Black "Dorval, Cedric"]
[Result "1-0"]
[WhiteElo "2024"]
[BlackElo "1730"]
[PlyCount "95"]
[EventDate "2002.02.21"]
[EventType "swiss"]
[EventRounds "9"]
[EventCountry "FRA"]
[SourceTitle "EXT 2003"]
[Source "ChessBase"]
[SourceDate "2002.11.25"]
[SourceVersion "1"]
[SourceVersionDate "2002.11.25"]
[SourceQuality "1"]

1. b4 e5 2. Bb2 d6 3. e3 Nf6 4. c4 Be7 5. Nc3 0-0 6. Nf3 b6 7. e4 Bb7 8. d3 c5 9. b5 Re8 10. g3 Nbd7 11. Bg2 Nf8 12. 0-0 Ne6 13. Nd5 Nxd5 14. cxd5 Nd4 15. Nxd4 cxd4 16. Qg4 Bc8 17. Qe2 Bd7 18. a4 Rc8 19. Rfc1 Rc5 20. Ba3 Rc3 21. Rxc3 dxc3 22. Rc1 Qc7 23. Bb4 Rc8 24. Rxc3 Qb7 25. Qc2 a6 26. Rxc8+ Qxc8 27. Qxc8+ Bxc8 28. bxa6 Bxa6 29. Bf1 g6 30. Kg2 f5 31. f4 Kf7 32. Kf3 h6 33. Be2 g5 34. exf5 Bb7 35. Ke4 gxf4 36. gxf4 exf4 37. Bf3 Ba6 38. d4 Kf6 39. Kxf4 Bd3 40. Be4 Bxe4 41. Kxe4 Kg5 42. Bd2+ Kh5 43. Kd3 Kg4 44. Ke4 h5 45. Bh6 Bf6 46. Bf8 Kh3 47. Bxd6 h4 48. Be5 1-0